<?xml version="1.0" encoding="UTF-8"?>
<record
    xmlns:xsi="http://www.w3.org/2001/XMLSchema-instance"
    xsi:schemaLocation="http://www.loc.gov/MARC21/slim http://www.loc.gov/standards/marcxml/schema/MARC21slim.xsd"
    xmlns="http://www.loc.gov/MARC21/slim">

  <leader>00681nam a22001817a 4500</leader>
  <controlfield tag="003">UA-OsUOA</controlfield>
  <controlfield tag="001"> 17559 </controlfield>
  <controlfield tag="007">ta</controlfield>
  <controlfield tag="008">20040315b un ||||| |||| 00| 0 ukr d</controlfield>
  <datafield tag="100" ind1=" " ind2=" ">
    <subfield code="a">&#x411;&#x430;&#x441;&#x430;&#x440;&#x430;&#x431;&#x430; &#x432;.</subfield>
  </datafield>
  <datafield tag="942" ind1=" " ind2=" ">
    <subfield code="c">SA</subfield>
  </datafield>
  <datafield tag="040" ind1=" " ind2=" ">
    <subfield code="a">UA-OsUOA</subfield>
    <subfield code="c">UA-OsUOA</subfield>
    <subfield code="d">UA-OsUOA</subfield>
  </datafield>
  <datafield tag="245" ind1=" " ind2=" ">
    <subfield code="a">"&#x414;&#x443;&#x43C;&#x438; &#x43C;&#x43E;&#x457;, &#x434;&#x443;&#x43C;&#x438; ..." : &#x412; &#x43E;&#x431;&#x43B;. &#x43C;&#x443;&#x437;.-&#x434;&#x440;&#x430;&#x43C;. &#x442;&#x435;&#x430;&#x442;&#x440;&#x456; &#x432;&#x456;&#x434;&#x431;&#x443;&#x432;&#x441;&#x44F; &#x43B;&#x456;&#x442;.-&#x43C;&#x438;&#x441;&#x442;. &#x432;&#x435;&#x447;&#x456;&#x440; , &#x43F;&#x440;&#x438;&#x441;&#x432;&#x44F;&#x447;&#x435;&#x43D;&#x438;&#x439; 190-&#x440;&#x456;&#x447;&#x447;&#x44E; &#x432;&#x456;&#x434; &#x434;&#x43D;&#x44F; &#x43D;&#x430;&#x440;&#x43E;&#x434;&#x436;&#x435;&#x43D;&#x43D;&#x44F; &#x422;.&#x428;&#x435;&#x432;&#x447;&#x435;&#x43D;&#x43A;&#x430;</subfield>
  </datafield>
  <datafield tag="300" ind1=" " ind2=" ">
    <subfield code="a">&#x421;.11</subfield>
  </datafield>
  <datafield tag="955" ind1=" " ind2=" ">
    <subfield code="a">0</subfield>
  </datafield>
  <datafield tag="773" ind1="0" ind2=" ">
    <subfield code="w">0</subfield>
    <subfield code="t">&#x412;&#x456;&#x43B;&#x44C;&#x43D;&#x435; &#x441;&#x43B;&#x43E;&#x432;&#x43E;</subfield>
    <subfield code="d">&#x420;&#x456;&#x432;&#x43D;&#x435;</subfield>
    <subfield code="d">2004</subfield>
    <subfield code="g">&#x2116;19/5 &#x431;&#x435;&#x440;&#x435;&#x437;./</subfield>
  </datafield>
  <datafield tag="650" ind1=" " ind2="7">
    <subfield code="a">&#x41A;&#x440;&#x430;&#x454;&#x437;&#x43D;&#x430;&#x432;&#x447;&#x430; &#x440;&#x43E;&#x431;&#x43E;&#x442;&#x430;</subfield>
    <subfield code="2">UDC</subfield>
  </datafield>
  <datafield tag="999" ind1=" " ind2=" ">
    <subfield code="c">303727</subfield>
    <subfield code="d">303727</subfield>
  </datafield>
</record>
